| 000 | 00700nam a2200181 a 4500 | ||
|---|---|---|---|
| 001 | 000040615 | ||
| 005 | 20201002034243.0 | ||
| 008 | 130904s2008 xxuac 000 0 spa d | ||
| 040 |
_aDO-SdBNP _bspa _cBNPHU |
||
| 082 |
_axxx _bxxx |
||
| 100 | 1 |
_aHerrera, Olga U. _966955 |
|
| 245 | 1 | 0 |
_aToward the preservation of a heritage : _blatin american and latino art in the midwestern United States / _cOlga U. Herrera; prólogo, Víctor Sorell and Gilberto Cárdenas. |
| 260 |
_a[Estados Unidos] : _bUniversity of Notre Dame, _c2008. |
||
| 300 |
_a160 p. : _bil. retr. ; _c18 cm. |
||
| 504 | _aBibliography p: 146-160 | ||
| 700 | 1 |
_aSorell, Víctor _eprol. _966956 |
|
| 700 | 1 |
_aCárdenas, Gilberto _eprol. _966957 |
|
| 999 |
_c40105 _d40105 |
||